LEADER 01534nam 2200409 a 450 001 9910695173803321 005 20060620131803.0 035 $a(CKB)5470000002366990 035 $a(OCoLC)70142952 035 $a(EXLCZ)995470000002366990 100 $a20060620d2006 ua 0 101 0 $aeng 135 $aurmn|---||||| 181 $ctxt$2rdacontent 182 $cc$2rdamedia 183 $acr$2rdacarrier 200 10$aGlobal health$b[electronic resource] $espending requirement presents challenges for allocating prevention funding under the President's emergency plan for AIDS relief : report to congressional committees 210 1$a[Washington, D.C.] :$cU.S. Government Accountability Office,$d[2006] 215 $aii, 87 pages $cdigital, PDF file 300 $aTitle from title screen (viewed on June 19, 2006). 300 $a"April 2006." 300 $aPaper version available from: U.S. Government Accountability Office, 441 G St., NW, Rm. LM, Washington, D.C. 20548. 300 $a"GAO-06-395." 320 $aIncludes bibliographical references. 517 $aGlobal health 606 $aWorld health$xEconomic aspects 606 $aAIDS (Disease)$xPrevention$xFinance 606 $aEconomic assistance, American 615 0$aWorld health$xEconomic aspects. 615 0$aAIDS (Disease)$xPrevention$xFinance. 615 0$aEconomic assistance, American. 801 0$bGPO 801 1$bGPO 906 $aBOOK 912 $a9910695173803321 996 $aGlobal health$91946017 997 $aUNINA LEADER 01138nam0 22002771i 450 001 UON00022483 005 20231205102024.982 100 $a20020107d1990 |0itac50 ba 101 $aeng 102 $aIN 105 $a|||| 1|||| 200 1 $aˆA ‰Study of the Technique of Abhinaya in Relation to Sanskrit Drama$fShveni P. Pandya 210 $aBombay$cSomaiya Publications$d1990 215 $aXII, 287 p.$cill.$d24 cm 606 $aDANZA INDIANA$3UONC001816$2FI 606 $aTEATRO INDIANO$3UONC016779$2FI 620 $aIN$dMumbai$3UONL000115 686 $aSI IX H$cSUBCONT. INDIANO - ARTI - MUSICA, TEATRO, CINEMA, DANZA$2A 700 1$aPANDYA$bShveni P.$3UONV079372$0642251 712 $aSomaiya Publications$3UONV249224$4650 801 $aIT$bSOL$c20240220$gRICA 899 $aSIBA - SISTEMA BIBLIOTECARIO DI ATENEO$2UONSI 912 $aUON00022483 950 $aSIBA - SISTEMA BIBLIOTECARIO DI ATENEO$dSI SI IX H 051 $eSI SA 66627 7 051 996 $aStudy of the Technique of Abhinaya in Relation to Sanskrit Drama$91199102 997 $aUNIOR